000 02553cam a2200349 a 4500
999 _c3129
_d3129
001 16032449
003 GZU
005 20201118095139.0
008 091222s2010 nyu b 001 0 eng
010 _a 2009053754
020 _a9780521761871 (hardback)
020 _a9780521744379 (pbk.)
035 _a(OCoLC)ocn496727646
040 _aDLC
_cDLC
_dYDX
_dBWK
_dCDX
_dYDXCP
_dBWX
_dUBY
_dOKU
_dDLC
050 0 0 _aJZ1308
_b.V47 2010
082 0 0 _a306.2
_222
100 1 _aVernon, Richard,
_d1945-
245 1 0 _aCosmopolitan regard :
_bpolitical membership and global justice /
_cRichard Vernon.
260 _aNew York :
_bCambridge University Press,
_c2010.
300 _aix, 222 p. ;
_c23 cm.
490 1 _aContemporary political theory
504 _aIncludes bibliographical references and index.
505 0 _aAgainst associative obligations -- Particularizing obligation : the normative role of risk -- The social waiver -- Compatriot preference and the iteration proviso -- Humanitarian intervention and the case for natural duty -- Associative risk and international crime -- A global harm principle? -- Citizens in the world.
520 _a"Cosmopolitan theory suggests that we should shift our moral attention from the local to the global. Richard Vernon argues, however, that if we adopt cosmopolitan beliefs about justice we must re-examine our beliefs about political obligation. Far from undermining the demands of citizenship, cosmopolitanism implies more demanding political obligations than theories of the state have traditionally recognized. Using examples including humanitarian intervention, international criminal law, and international political economy, Vernon suggests we have a responsibility not to enhance risks facing other societies and to assist them when their own risk-taking has failed. The central arguments in Cosmopolitan Regard are that what we owe to other societies rests on the same basis as what we owe to our own, and that a theory of cosmopolitanism must connect the responsibilities of citizens beyond their own borders with their obligations to one another"--Provided by publisher.
650 0 _aCosmopolitanism.
650 0 _aPolitical obligation.
830 0 _aContemporary political theory.
856 4 2 _3Cover image
_uhttp://assets.cambridge.org/97805217/61871/cover/9780521761871.jpg
906 _a7
_bcbc
_corignew
_d1
_eecip
_f20
_gy-gencatlg
942 _2lcc
_cBK
_h1308
_iVER
_kJZ
_m2010